The Glory of atonement : (Record no. 7675)
[ view plain ]
| 000 -LEADER | |
|---|---|
| fixed length control field | 00755nam a22002172 4500 |
| 001 - CONTROL NUMBER | |
| control field | 0000008657 |
| 005 - DATE AND TIME OF LATEST TRANSACTION | |
| control field | 20151217152039.0 |
| 008 - FIXED-LENGTH DATA ELEMENTS--GENERAL INFORMATION | |
| fixed length control field | 080509s xx 000 0 eng d |
| 020 ## - INTERNATIONAL STANDARD BOOK NUMBER | |
| International Standard Book Number | 0830826890 : |
| Terms of availability | KES 2100 |
| 040 ## - CATALOGING SOURCE | |
| Original cataloging agency | KABU |
| Transcribing agency | KABU |
| 245 14 - TITLE STATEMENT | |
| Title | The Glory of atonement : |
| Remainder of title | biblical, historical & practical perspectives: essays in honor of Roger Nicole / |
| Statement of responsibility, etc. | Charles E. Hill, Frank A. James III, editors. |
| 260 ## - PUBLICATION, DISTRIBUTION, ETC. (IMPRINT) | |
| Place of publication, distribution, etc. | Downers Grove, IL. : |
| Name of publisher, distributor, etc. | IVP, |
| Date of publication, distribution, etc. | 2004. |
| 300 ## - PHYSICAL DESCRIPTION | |
| Extent | 495 p. |
| 650 #0 - SUBJECT ADDED ENTRY--TOPICAL TERM | |
| Topical term or geographic name as entry element | Atonement. |
| -- | 0000159328 |
| 650 #0 - SUBJECT ADDED ENTRY--TOPICAL TERM | |
| Topical term or geographic name as entry element | Reformed church |
| General subdivision | Doctrines. |
| -- | 0000149361 |
| 700 1# - ADDED ENTRY--PERSONAL NAME | |
| Personal name | Hill, Charles E. |
| -- | 0000159329 |
| 700 1# - ADDED ENTRY--PERSONAL NAME | |
| Personal name | James III, Frank A. |
| -- | 0000159330 |
| 908 ## - PUT COMMAND PARAMETER (RLIN) | |
| Put command parameter | 080509 |
| 950 ## - LOCAL HOLDINGS (RLIN) | |
| -- | 1 |
| Withdrawn status | Lost status | Source of classification or shelving scheme | Not for loan | Home library | Current library | Date acquired | Total Checkouts | Full call number | Barcode | Date last seen | Price effective from | Koha item type |
|---|---|---|---|---|---|---|---|---|---|---|---|---|
| Library of Congress Classification | Kabarak, Main Campus | Kabarak, Main Campus | 17/12/2015 | BT265.3 .G56 | 008926 | 02/08/2024 | 17/12/2015 | General Collection |